| 000 | 00541 a2200169 4500 | ||
|---|---|---|---|
| 999 |
_c41622 _d41622 |
||
| 003 | OSt | ||
| 005 | 20221007153141.0 | ||
| 008 | 221007b ||||| |||| 00| 0 eng d | ||
| 020 | _a 9788173911711 | ||
| 040 | _coclc | ||
| 082 |
_a338.4791 _bNEG/T |
||
| 100 | 1 |
_99171 _aNegi, Jagmohan, _d1941- |
|
| 245 |
_aTravel agency and tour operation: _bConcepts and principles / _cJagmohan Negi |
||
| 260 |
_aNew Delhi: _bKanishka Publishers, _c2021. |
||
| 300 | _a498 pages | ||
| 942 |
_2ddc _cBK _h338.4791 _iNEG/T _k338.4791 _mNEG/T |
||